| 000 | 00839nam a22002535i 4500 | ||
|---|---|---|---|
| 001 | 178586 | ||
| 003 | ES-MaACL | ||
| 005 | 20250822035251.0 | ||
| 008 | 110608s1967 sp |||| | spa d | ||
| 080 | _a316.6 | ||
| 100 | 1 |
_aZajonc, Robert B. _9146983 |
|
| 245 | 1 | 3 |
_aLa psicología social _b: estudios experimentales / _cRobert B. Zajonc ; versión española por Isaías Acarreta. |
| 250 | _a1ª ed. | ||
| 260 |
_aAlcoy : _bMarfil, _c1967. |
||
| 300 |
_a145, [6] p. ; _c21 cm. |
||
| 490 | 1 |
_aTemas básicos de psicología ; _v1 |
|
| 500 | _aÍndices. | ||
| 504 | _aBibliografía: p. 143-145. | ||
| 650 | 0 | 7 |
_aPsicología social _2embne _916573 |
| 700 | 1 |
_aAcarreta Arnedo, Isaías, _918202 |
|
| 830 | 0 |
_aTemas básicos de psicología ; _v1 _9191019 |
|
| 852 |
_aES-MaACL _jE-15356 _xOlim P-1248 |
||
| 999 |
_c178586 _d178586 |
||